=LDR 00000nam 2200000 4500 =001 INLIS000000000026253 =005 20130612124715 =008 ***********************************Ind** =035 ##$$0010-061300000026253 =041 ##$$a Ind =082 ##$$a 621.381 528 =090 ##$$a 621.381 528, Mal a =100 ##$$a Malvino, Albert Paul =245 ##$$a Aproksimasi rangkaian semikonduktor, pengantar transistor dan rangkaian terpadu, Albert Paul Malvino =260 ##$$a 1994 $b Jakarta =300 ##$$a 533 hlm, ilus, 21 cm =650 ##$$a Teknik =850 ##$$a NBPNMAT